| 000 | 01013nam a2200289 a 4500 | ||
|---|---|---|---|
| 001 | BRL_1886 | ||
| 005 | 20190320211422.0 | ||
| 008 | 120815s1988----mx-ao#####---#000-0#spa-# | ||
| 020 | _a9688220825 | ||
| 041 | _aspa | ||
| 044 | _amx | ||
| 050 | 4 |
_aF1221.C58 _b.C33 1988 |
|
| 100 | 1 |
_aCadena Kima-Chang, Susana _928151 |
|
| 245 | 1 | 0 |
_aLos chontales ante una nueva expectativa de cambio _bel petroleo _cSusana Cadena Kima-Chang, Susana Suárez Paniagua. |
| 260 |
_aMéxico _bInstituto Nacional Indigenista _c1988 |
||
| 300 |
_a213 p. _bil. _c21 cm. |
||
| 440 | 0 |
_aColección INI _pSerie de Antropología Social _vno.79 _928152 |
|
| 500 | _aAu2077 | ||
| 504 | _aBibliografía: p. 205-211 | ||
| 650 | 1 | 4 |
_aChontales _xCondiciones sociales _925565 |
| 650 | 1 | 4 |
_aIndustria del petróleo _zTabasco (México) _928153 |
| 651 | 4 |
_aTabasco (México) _zHistoria social _928154 |
|
| 651 | 4 |
_aTabasco (México) _zHistoria económica _928155 |
|
| 700 | 1 |
_aSuárez Paniagua, Susana _928156 |
|
| 902 | _aGRL | ||
| 942 |
_2lcc _cB |
||
| 999 |
_c10694 _d10694 |
||